| 000 | 01151nam0a22002651 4500 | ||
|---|---|---|---|
| 001 | rc\1097244 | ||
| 005 | 20250622144551.0 | ||
| 035 | _a(NLR Aleph) 006343293 | ||
| 090 |
_a4723579 _c4723579 |
||
| 100 | _a20041126d1983 |||y0rusy50 ca | ||
| 101 | 0 | _arus | |
| 102 | _aRU | ||
| 105 | _aa ||||||||| | ||
| 200 | 1 |
_aОсновные тенденции в проектировании оборудования для производства лекарственных средств _e(Обзор по материалам выставок "Фарминдустрия-82" и "Химия-82") |
|
| 210 |
_aМ. _cЦБНТИмедпром _d1983 |
||
| 215 |
_a35 с. _cил. _d21 |
||
| 225 | 1 |
_aОбзорная информация _fМ-во мед. пром-сти. ЦБНТИ _iСерия "Химико-фармацевтическая промышленность" _v11 |
|
| 300 | _aНа обл. авт. не указан | ||
| 320 | _aБиблиогр.: с. 35 | ||
| 700 | 1 |
_aТютенков _bО.Л. _gОлег Лаврентьевич |
|
| 801 | 0 |
_aRU _bNLR _gpsbo |
|
| 801 | 1 |
_aRU _bELAR _2rusmarc |
|
| 852 |
_aNLR _jП22/3178 |
||
| 942 | _cBOOK | ||
| 980 | _aNB | ||